Copa do Mundo - Bola de Ouro - Statistics

Estatísticas Gerais
  • Esse quiz foi jogado 181 vezes
    128 desde o último reset
  • A pontuação média é 15 de 22
Estatísticas das Respostas
Ano Seleção Jogador % Correto
2014 Argentina Lionel Messi
99%
2022 Argentina Lionel Messi
99%
1998 Brasil Ronaldo / Ronaldo Fenômeno
97%
2018 Croácia Luka Modrić
95%
1970 Brasil Pelé
94%
1994 Brasil Romário
91%
2006 França Zinédine Zidane
91%
1962 Brasil Garrincha
90%
1986 Argentina Diego Maradona
89%
2010 Uruguai Diego Forlán
86%
2002 Alemanha Oliver Kahn
85%
1974 Holanda Johan Cruyff / Johan Cruijff
77%
1954 Hungria Ferenc Puskás
69%
1982 Itália Paolo Rossi
58%
1966 Inglaterra Bobby Charlton
56%
1938 Brasil Leônidas / Leônidas da Silva
51%
1978 Argentina Mario Kempes
50%
1958 Brasil Didi
49%
1950 Brasil Zizinho
24%
1934 Itália Giuseppe Meazza
20%
1990 Itália Salvatore Schillaci
15%
1930 Uruguai José Nasazzi
8%
Nenhum quiz correspondente encontrado
Distribuição das Pontuações
Porcentagem de Pessoas com Cada Pontuação
Percentil de Números Respondidos
Sua Pontuação Histórica
Você não jogou esse quiz desde o último reset